Κάρτα του πολίτη και ιδιωτικότητα : μεταπτυχιακή διατριβή

Μέσα στο πλαίσιο της Ηλεκτρονικής Διακυβέρνησης του δημοσίου τομέα της Ελλάδας, έχουν κατά καιρούς υπάρξει αρκετές ενδιαφέρουσες πρωτοβουλίες που προσπαθούν να φέρουν τον πολίτη, τους κρατικούς μηχανισμούς και τις υπηρεσίες πιο κοντά, προσπαθώντας με τον τρόπο αυτό να καταστήσουν την καθημερινή συνδ...

Πλήρης περιγραφή

Αποθηκεύτηκε σε:
Λεπτομέρειες βιβλιογραφικής εγγραφής
Κύριος συγγραφέας: Φλώρος, Βασίλειος
Συγγραφή απο Οργανισμό/Αρχή: Πανεπιστήμιο Αιγαίου. Σχολή Θετικών Επιστημών. Τμήμα Μηχανικών Πληροφοριακών και Επικοινωνιακών Συστημάτων. Π.Μ.Σ. Τεχνολογίες και Διοίκηση Πληροφοριακών και Επικοινωνιακών Συστημάτων. Ηλεκτρονική Διακυβέρνηση
Άλλοι συγγραφείς: Μήτρου, Λίλιαν (dgsf)
Μορφή: Thesis Βιβλίο
Γλώσσα:Greek
Δημοσίευση: 2017.
Θέματα:
Διαθέσιμο Online:http://hdl.handle.net/11610/23251
Ετικέτες: Προσθήκη ετικέτας
Δεν υπάρχουν, Καταχωρήστε ετικέτα πρώτοι!

MARC

LEADER 00000cam a2200000 a 4500
001 1/114414
008 170711s2017####gr | ||| |||| ||gre||
040 |a GR-MyUa  |b gre  |c GR-MyUa  |e AACR2 
041 0 |a gre 
082 7 |a 352.3802854678   |2 (23)  
100 1 |a Φλώρος, Βασίλειος. 
245 1 0 |a Κάρτα του πολίτη και ιδιωτικότητα :   |b μεταπτυχιακή διατριβή /   |c Βασίλειος Φλώρος ; επιβλέπουσα καθηγήτρια Ευαγγελία Μήτρου.  
260 |c 2017.  
300 |a 94 σ. :   |b εικ., πιν. ;   |c 30 εκ.  
502 |a Διατριβή (μεταπτυχιακή) - Πανεπιστήμιο Αιγαίου, Σάμος, 2014.  
504 |a Βιβλιογραφία: σ. 90-94.  
506 1 |a Διάθεση πλήρους κειμένου ;   |d Ενδοπανεπιστημιακή δημοσίευση.  
520 8 |a Μέσα στο πλαίσιο της Ηλεκτρονικής Διακυβέρνησης του δημοσίου τομέα της Ελλάδας, έχουν κατά καιρούς υπάρξει αρκετές ενδιαφέρουσες πρωτοβουλίες που προσπαθούν να φέρουν τον πολίτη, τους κρατικούς μηχανισμούς και τις υπηρεσίες πιο κοντά, προσπαθώντας με τον τρόπο αυτό να καταστήσουν την καθημερινή συνδιαλλαγή του πολίτη με το Δημόσιο πιο εύκολη, πιο γρήγορη και πιο αποτελεσματική. Στο ευρύτερο αυτό περιβάλλον και τις νέες προοπτικές που έχουν διαμορφωθεί εντάσσεται και η πρωτοβουλία της καθιέρωσης και εφαρμογής της Κάρτας του Πολίτη. Ουσιαστικά πρόκειται για ένα μέτρο που έθεσε προς υλοποίηση το Υπουργείο Οικονομικών το έτος 2015, στα πλαίσια του νομοσχεδίου για την αντιμετώπιση της ανθρωπιστικής κρίσης. Με την απόκτηση της κάρτας αυτής, το κράτος θα είναι σε θέση να ελέγξει και να ταυτοποιεί στις συναλλαγές με τον πολίτη μεταξύ άλλων τα στοιχεία όπως ο Αριθμός Φορολογικού Μητρώου (ΑΦΜ), ο Αριθμός Μητρώου Κοινωνικής Ασφάλισης (ΑΜΚΑ) και ο Αριθμός Δημοτολογίου των πολιτών, αλλά και ταυτόχρονα να πιστώνει χρηματικά βοηθήματα στους έχοντες ανάγκη. Πέραν από τα προφανή πλεονεκτήματα που η κάρτα θα έχει για τους πολίτες, όπως η καταπολέμηση της φοροδιαφυγής αλλά και η διευρυμένη δυνατότητα των πολιτών να ελέγχουν αποτελεσματικά την εξουσία μέσα σε ένα πλαίσιο υλοποίησης άμεσο-δημοκρατικών θεσμών, υπάρχουν ωστόσο και αρκετές αντιδράσεις, περισσότερες από τον ευρωπαϊκό μέσο όρο όπου η ηλεκτρονική ταυτοποίηση των πολιτών των χωρών της Ε.Ε. είναι μία συνηθισμένη τακτική. Η παρούσα εργασία, έχοντας ως σημείο αφετηρίας μία επισκόπηση της πορείας της Ηλεκτρονικής Διακυβέρνησης στην χώρα μας, εξετάζει το ισχύον πλαίσιο που περιβάλλει την πρωτοβουλία αυτή, τόσο το λειτουργικό όσο και το θεσμικό, ενώ μέσα από μία συγκριτική ματιά με άλλες χώρες της Ευρωπαϊκής Ένωσης επιχειρείται μία συγκριτική ανάλυση παρόμοιων πολιτικών σε ένα ευρύτερο ευρωπαϊκό πλαίσιο. Τα πλεονεκτήματα και τα μειονεκτήματα της δράσης αυτής, όσο και οι λόγοι αποτυχίας τέτοιου είδους πρωτοβουλιών στον ελληνικό χώρο επίσης εξετάζονται θέτοντας προβληματισμούς για την ασφάλεια των προσωπικών δεδομένων μέσα στην κοινωνία του Διαδικτύου.  
540 |a Κλειδωμένη η δυνατότητα αντιγραφής (copy) του κειμένου.  
650 0 |a Public administration  |x Citizen participation  |x Technological innovations. 
650 0 |a Privacy, Right of. 
650 0 |a Internet in public administration. 
650 0 |a Data protection. 
650 0 |a Dissertations, Academic  |z Greece. 
700 1 |a Μήτρου, Λίλιαν,  |e dgsf 
710 2 |a Πανεπιστήμιο Αιγαίου.   |b Σχολή Θετικών Επιστημών.   |b Τμήμα Μηχανικών Πληροφοριακών και Επικοινωνιακών Συστημάτων.   |b Π.Μ.Σ. Τεχνολογίες και Διοίκηση Πληροφοριακών και Επικοινωνιακών Συστημάτων.   |b Ηλεκτρονική Διακυβέρνηση. 
852 |a INST  |b SAMOS  |c DIATR  |e 20170711  |h 352.3802854678 ΦΛΩ  |p 005300044690  |q 005300044690  |t MTXE  |y 23 
856 |u http://hdl.handle.net/11610/23251 
924 |a Φλώρος   |b Βασίλειος  |y Σάμος  |z 2017-05 
970 |a Κοσιέρης  |b Χρήστος  |z 11-07-2017